Najwięcej występów w reprezentacji Polski - Statystyki

Ogólne statystyki
  • Ten quiz został rozwiązany 10 764 razy
  • Średni wynik to 6 z 10
Statystyki odpowiedzi
Miejsce Zawodnik Lata gry Mecze Bramki % Poprawnych
1 Robert Lewandowski 2008–obecnie 160 86
100%
2 Jakub Błaszczykowski 2006–2023 109 21
87%
7 Grzegorz Krychowiak 2008–2023 100 5
73%
6 Grzegorz Lato 1971–1984 100 45
73%
3 Kamil Glik 2010–2022 103 6
72%
5 Piotr Zieliński 2013–obecnie 101 14
67%
8 Kazimierz Deyna 1968–1978 97 41
61%
9 Kamil Grosicki 2008–obecnie 97 17
37%
4 Michał Żewłakow 1999–2011 102 3
31%
10 Jacek Krzynówek 1998–2009 96 15
29%
Nie znaleziono quizów pasujących do podanych kryteriów
Rozkład punktacji
Procent ludzi z każdym wynikiem
Percentyl według liczby udzielonych odpowiedzi
Twoja historia wyników
Nie rozwiązałeś tego quizu